000 00529nam a22001817a 4500
005 20170630114933.0
010 _aENG-119075
020 _c450.00
_a9789381399354
035 _aEN-102607
037 _bDBAD/PUB
082 _a294.5924046
100 _aRadhakrishnan, C.
245 _aThe modern reading of Bhagavad Gita /
_cby C. Radhakrishnan
260 _aKochi
_bHi - Tech Books
_c2016
270 _aAzad Road, Kaloor
_bKochi
_e682017
300 _a475p.
_c21cm(pbk)
942 _2ddc
_cEN
_h294.5924046
_mRAD
999 _c142200
_d142200